000 00512nam a2200193 a 4500
001 4566
003 CO-ViMGA
008 141112s2004 ck r 000 u spa d
040 _aCO-ViMGA
_bspa
_cCO-ViMGA
082 0 4 _a796.4068 C651
100 1 _aColado Sánchez, Juan Carlos
_955444
245 1 0 _aFitness en las salas de musculación
260 _aBarcelona :
_bInde,
_c1996
300 _a345 p : il
490 _aIniciativas deportivas
650 1 4 _aGIMNASIA
650 1 4 _aGIMNASIOS
_955446
942 _2ddc
_cBK
999 _c16576
_d16576